10 najludnieszych miast w Belize - Statystyki

Ogólne statystyki
  • Ten quiz został rozwiązany 4 razy
  • Średni wynik to 2 z 10
Statystyki odpowiedzi
Liczba ludności Miasto % Poprawnych
61 461 Belize City
100%
13 381 Belmopan
100%
15 298 Orange Walk
25%
7 092 Benque Viejo el Carmen
0%
9 871 Corozal
0%
10 750 Dangriga
0%
4 300 Placencia
0%
5 205 Punta Gorda
0%
16 812 San Ignacio
0%
8 418 San Pedro
0%
Nie znaleziono quizów pasujących do podanych kryteriów
Rozkład punktacji
Procent ludzi z każdym wynikiem
Percentyl według liczby udzielonych odpowiedzi
Twoja historia wyników
Nie rozwiązałeś tego quizu